Equity and Trusts (US print)
| Autor Principal: | |
|---|---|
| Formato: | Unknown |
| Publicado: |
Sweet & Maxwell
2017
|
| Edición: | 5th ed. |
| LEADER | 00239 a2200097 4500 | ||
|---|---|---|---|
| 020 | |a 9780414060265 | ||
| 100 | |a Michael Haley, Lara McMurtry | ||
| 245 | |a Equity and Trusts (US print) | ||
| 250 | |a 5th ed. | ||
| 260 | |b Sweet & Maxwell |c 2017 | ||
| 999 | |c 40308 |d 40308 | ||